<?xml version="1.0" encoding="UTF-8"?>
<record
    xmlns:xsi="http://www.w3.org/2001/XMLSchema-instance"
    xsi:schemaLocation="http://www.loc.gov/MARC21/slim http://www.loc.gov/standards/marcxml/schema/MARC21slim.xsd"
    xmlns="http://www.loc.gov/MARC21/slim">

  <leader>01233nam a22001817a 4500</leader>
  <controlfield tag="008">121012t        xxu||||| |||| 00| 0 eng d</controlfield>
  <datafield tag="020" ind1=" " ind2=" ">
    <subfield code="a">0669957941</subfield>
  </datafield>
  <datafield tag="050" ind1=" " ind2=" ">
    <subfield code="a">HB171.5.M77</subfield>
  </datafield>
  <datafield tag="100" ind1=" " ind2=" ">
    <subfield code="a">Motley, Brian.</subfield>
  </datafield>
  <datafield tag="245" ind1=" " ind2=" ">
    <subfield code="a">Money, income and weather: the macroeconomics of monetary economy. /</subfield>
    <subfield code="c">Brian Motley</subfield>
  </datafield>
  <datafield tag="260" ind1=" " ind2=" ">
    <subfield code="a">Lexington:</subfield>
    <subfield code="b">Dc Heath and Company,</subfield>
    <subfield code="c">1977.</subfield>
  </datafield>
  <datafield tag="300" ind1=" " ind2=" ">
    <subfield code="a">xii, 402 p.:</subfield>
    <subfield code="b">ill.;</subfield>
    <subfield code="c">20cm.</subfield>
  </datafield>
  <datafield tag="500" ind1=" " ind2=" ">
    <subfield code="a">Includes index.</subfield>
  </datafield>
  <datafield tag="505" ind1=" " ind2=" ">
    <subfield code="a">Contents: Introduction: Social accounting -- Macroeconomics with fixed prices: A Simple model of the economy: The behaviour of spenders -- A Simple model of the economy: The behaviour of wealth holders -- Equilibrium in the fixed-price economy: The role of government -- Portfolio equilibrium in economy with three assets -- Studies of particular variables: The theory of consumption -- The Theory of investment -- The Demand for money -- Money and banking: Financial systems -- Commercial banks and the creation of money -- The New view of the money-supply process -- Central banking -- Prices, output, and employment: Prices and aggregate demand -- Wages, prices, and employment -- The variable-price economy. </subfield>
  </datafield>
  <datafield tag="650" ind1=" " ind2=" ">
    <subfield code="a">Macroeconomics. </subfield>
  </datafield>
  <datafield tag="650" ind1=" " ind2=" ">
    <subfield code="a">Money. </subfield>
  </datafield>
  <datafield tag="942" ind1=" " ind2=" ">
    <subfield code="2">lcc</subfield>
    <subfield code="c">BK</subfield>
  </datafield>
  <datafield tag="999" ind1=" " ind2=" ">
    <subfield code="c">2439</subfield>
    <subfield code="d">9939</subfield>
  </datafield>
  <datafield tag="952" ind1=" " ind2=" ">
    <subfield code="0">0</subfield>
    <subfield code="1">0</subfield>
    <subfield code="2">lcc</subfield>
    <subfield code="4">0</subfield>
    <subfield code="7">0</subfield>
    <subfield code="a">WIUC-1</subfield>
    <subfield code="b">WIUC-1</subfield>
    <subfield code="c">REF</subfield>
    <subfield code="d">2012-10-12</subfield>
    <subfield code="l">0</subfield>
    <subfield code="o">HB171.5.M77</subfield>
    <subfield code="p">6433/12</subfield>
    <subfield code="r">2012-10-12 00:00:00</subfield>
    <subfield code="t">1</subfield>
    <subfield code="w">2012-10-12</subfield>
    <subfield code="y">BK</subfield>
  </datafield>
</record>
